<?xml version="1.0" encoding="UTF-8"?>
<record
    xmlns:xsi="http://www.w3.org/2001/XMLSchema-instance"
    xsi:schemaLocation="http://www.loc.gov/MARC21/slim http://www.loc.gov/standards/marcxml/schema/MARC21slim.xsd"
    xmlns="http://www.loc.gov/MARC21/slim">

  <leader>02783nam a2200361 a 4500</leader>
  <controlfield tag="003">OSt</controlfield>
  <controlfield tag="005">20250606144956.0</controlfield>
  <controlfield tag="007">cr ||||||a|a|a</controlfield>
  <controlfield tag="008">250606s2025    mx a|||fom||| 001 0 spa d</controlfield>
  <datafield tag="040" ind1=" " ind2=" ">
    <subfield code="e">rda</subfield>
  </datafield>
  <datafield tag="100" ind1="1" ind2=" ">
    <subfield code="a">Su&#xE1;rez Guerra, Andrea Natalia</subfield>
    <subfield code="9">190443</subfield>
  </datafield>
  <datafield tag="245" ind1="1" ind2="0">
    <subfield code="a">Durazno (Prunus persica L. Batsch), una alternativa eficiente en el uso del agua en Chihuahua, m&#xE9;xico /</subfield>
    <subfield code="c">por Andrea Natalia Su&#xE1;rez Guerra y Jorge Mart&#xED;nez Triana; director de tesis Jos&#xE9; Luis R&#xED;os Flores; secretario Sigfredo Armendariz Erives; vocal Jes&#xFA;s Enrique Cant&#xFA; Brito; suplente Rafael Castro Franco; suplente Carlos Bautista Ch&#xE1;vez.</subfield>
  </datafield>
  <datafield tag="264" ind1=" " ind2="1">
    <subfield code="a">Chapingo, M&#xE9;xico :</subfield>
    <subfield code="b">El autor,</subfield>
    <subfield code="c">2024.</subfield>
  </datafield>
  <datafield tag="300" ind1=" " ind2=" ">
    <subfield code="a">1 recurso en l&#xED;nea (84 p&#xE1;ginas):</subfield>
    <subfield code="b">cuadros, figuras.</subfield>
  </datafield>
  <datafield tag="336" ind1=" " ind2=" ">
    <subfield code="2">rdacontent</subfield>
    <subfield code="a">texto</subfield>
    <subfield code="b">txt</subfield>
  </datafield>
  <datafield tag="337" ind1=" " ind2=" ">
    <subfield code="2">rdamedia</subfield>
    <subfield code="a">computadora</subfield>
    <subfield code="b">c</subfield>
  </datafield>
  <datafield tag="338" ind1=" " ind2=" ">
    <subfield code="2">rdacarrier</subfield>
    <subfield code="a">recurso en l&#xED;nea</subfield>
    <subfield code="b">cr</subfield>
  </datafield>
  <datafield tag="502" ind1=" " ind2=" ">
    <subfield code="b">ISAg</subfield>
    <subfield code="c">URUZA</subfield>
    <subfield code="d">2024.</subfield>
    <subfield code="g">LIC</subfield>
  </datafield>
  <datafield tag="502" ind1=" " ind2=" ">
    <subfield code="b">ISP</subfield>
    <subfield code="c">URUZA</subfield>
    <subfield code="d">2024.</subfield>
    <subfield code="g">LIC</subfield>
  </datafield>
  <datafield tag="504" ind1=" " ind2=" ">
    <subfield code="a">Incluye referencias bibliogr&#xE1;ficas: p&#xE1;ginas 69-74.</subfield>
  </datafield>
  <datafield tag="520" ind1=" " ind2=" ">
    <subfield code="a">Los objetivos consistieron en generar indicadores de uso del agua en el durazno (Prunus persica L. Batsch) producido en Chihuahua. La metodolog&#xED;a consisti&#xF3; en el uso de modelos de eficiencia y productividad del agua de R&#xED;os et al (2015, 2018). Las ecuaciones fueron alimentadas con datos a escala comercial de SIAP y costos de FIRA. Los resultados muestran que la eficiencia f&#xED;sica, econ&#xF3;mica y social del agua fue igual a 450 L kg-1, 1.30 m3 por USD de ganancia y 18,254 m3 empleo-1 respectivamente, a su vez que los indicadores de productividad f&#xED;sica, econ&#xF3;mica y social del agua fue igual a 2.22 kg m-3, USD 770,772 de ganancia por hm3 y 54.8 empleos hm-3 respectivamente. En t&#xE9;rminos f&#xED;sicos, la productividad del agua en durazno fue similar a la manzana del estado (2.280 kg m-3) y muy superior al nogal estatal (0.15 kg m-3). La productividad econ&#xF3;mica del agua en durazno fue superior a todos los cultivos en contra de los cuales se compar&#xF3;. La productividad social del agua solo fue superada por la producci&#xF3;n familiar de leche bovina</subfield>
  </datafield>
  <datafield tag="650" ind1=" " ind2="4">
    <subfield code="a">Durazno</subfield>
    <subfield code="x">Irrigaci&#xF3;n</subfield>
    <subfield code="9">34612</subfield>
  </datafield>
  <datafield tag="650" ind1=" " ind2="4">
    <subfield code="a">Durazno</subfield>
    <subfield code="x">Rendimiento</subfield>
    <subfield code="9">34625</subfield>
  </datafield>
  <datafield tag="650" ind1=" " ind2="4">
    <subfield code="a">Durazno</subfield>
    <subfield code="x">Producci&#xF3;n</subfield>
    <subfield code="9">133196</subfield>
  </datafield>
  <datafield tag="700" ind1="1" ind2=" ">
    <subfield code="a">Mart&#xED;nez Triana, Jorge</subfield>
    <subfield code="9">190444</subfield>
  </datafield>
  <datafield tag="700" ind1="1" ind2=" ">
    <subfield code="a">R&#xED;os Flores, Jos&#xE9; Luis</subfield>
    <subfield code="e">director de tesis</subfield>
    <subfield code="9">99197</subfield>
  </datafield>
  <datafield tag="700" ind1="1" ind2=" ">
    <subfield code="a">Armendariz Erives, Sigifredo</subfield>
    <subfield code="9">7168</subfield>
    <subfield code="e">secretario.</subfield>
  </datafield>
  <datafield tag="700" ind1="1" ind2=" ">
    <subfield code="a">Cant&#xFA; Brito, Jes&#xFA;s Enrique</subfield>
    <subfield code="9">18484</subfield>
    <subfield code="e">vocal.</subfield>
  </datafield>
  <datafield tag="700" ind1="1" ind2=" ">
    <subfield code="a">Castro Franco, Rafael</subfield>
    <subfield code="9">20360</subfield>
    <subfield code="e">suplente.</subfield>
  </datafield>
  <datafield tag="700" ind1="1" ind2=" ">
    <subfield code="a">Bautista Ch&#xE1;vez, Carlos</subfield>
    <subfield code="e">suplente.</subfield>
    <subfield code="9">10899</subfield>
  </datafield>
  <datafield tag="856" ind1=" " ind2=" ">
    <subfield code="u">http://10.13.5.2/tesis/tl/1212451-1_Y_1311617-9_SUAREZ_GUERRA_ANDREANATALIA_Y_MARTINEZ_TRIANA_JORGE.pdf</subfield>
    <subfield code="z">DESCARGAR PDF</subfield>
  </datafield>
  <datafield tag="942" ind1=" " ind2=" ">
    <subfield code="2">Clasificaci&#xF3;n Universidad Aut&#xF3;noma Chapingo</subfield>
    <subfield code="c">TD</subfield>
  </datafield>
  <datafield tag="999" ind1=" " ind2=" ">
    <subfield code="c">220564</subfield>
    <subfield code="d">220564</subfield>
  </datafield>
  <datafield tag="952" ind1=" " ind2=" ">
    <subfield code="0">0</subfield>
    <subfield code="1">0</subfield>
    <subfield code="2">local</subfield>
    <subfield code="4">0</subfield>
    <subfield code="5">1</subfield>
    <subfield code="7">0</subfield>
    <subfield code="8">TesDigL</subfield>
    <subfield code="a">BD</subfield>
    <subfield code="b">BD</subfield>
    <subfield code="c">E_L</subfield>
    <subfield code="d">2025-06-06</subfield>
    <subfield code="l">0</subfield>
    <subfield code="o">Tesis digital</subfield>
    <subfield code="r">2025-06-06 12:31:39</subfield>
    <subfield code="w">2025-06-06</subfield>
    <subfield code="y">TD</subfield>
  </datafield>
</record>
